<?xml version="1.0" encoding="UTF-8"?>
<record
    xmlns:xsi="http://www.w3.org/2001/XMLSchema-instance"
    xsi:schemaLocation="http://www.loc.gov/MARC21/slim http://www.loc.gov/standards/marcxml/schema/MARC21slim.xsd"
    xmlns="http://www.loc.gov/MARC21/slim">

  <leader>01494nam2a22002531  4500</leader>
  <controlfield tag="001">RU\NLR\INFOCOMM6\1000425782</controlfield>
  <controlfield tag="005">20250617123355.0</controlfield>
  <datafield tag="035" ind1=" " ind2=" ">
    <subfield code="a">(NLR Aleph) 002604714</subfield>
  </datafield>
  <datafield tag="090" ind1=" " ind2=" ">
    <subfield code="a">3476019</subfield>
    <subfield code="c">3476019</subfield>
  </datafield>
  <datafield tag="100" ind1=" " ind2=" ">
    <subfield code="a">20040423d1972    |||y0rusy50      ca</subfield>
  </datafield>
  <datafield tag="101" ind1="0" ind2=" ">
    <subfield code="a">rus</subfield>
  </datafield>
  <datafield tag="102" ind1=" " ind2=" ">
    <subfield code="a">RU</subfield>
  </datafield>
  <datafield tag="105" ind1=" " ind2=" ">
    <subfield code="a">y   |||||||||</subfield>
  </datafield>
  <datafield tag="200" ind1="1" ind2=" ">
    <subfield code="a">&#x410;&#x43B;&#x433;&#x43E;&#x440;&#x438;&#x442;&#x43C;&#x438;&#x447;&#x435;&#x441;&#x43A;&#x438;&#x439; &#x44F;&#x437;&#x44B;&#x43A;. &#x410;&#x432;&#x442;&#x43E;&#x43A;&#x43E;&#x434; &#x434;&#x43B;&#x44F; &#x42D;&#x412;&#x41C; &#x41C;-222</subfield>
    <subfield code="f">&#x410;.&#x41D;. &#x411;&#x430;&#x43B;&#x443;&#x435;&#x432;</subfield>
  </datafield>
  <datafield tag="210" ind1=" " ind2=" ">
    <subfield code="d">1972</subfield>
    <subfield code="a">&#x411;. &#x43C;.</subfield>
  </datafield>
  <datafield tag="461" ind1=" " ind2="0">
    <subfield code="1">001RU\NLR\INFOCOMM6\1000425777</subfield>
    <subfield code="1">2001#$a&#x41C;&#x435;&#x442;&#x43E;&#x434;&#x438;&#x447;&#x435;&#x441;&#x43A;&#x438;&#x435; &#x43C;&#x430;&#x442;&#x435;&#x440;&#x438;&#x430;&#x43B;&#x44B; &#x43F;&#x43E; &#x43F;&#x440;&#x43E;&#x433;&#x440;&#x430;&#x43C;&#x43C;&#x43D;&#x43E;&#x43C;&#x443; &#x43E;&#x431;&#x435;&#x441;&#x43F;&#x435;&#x447;&#x435;&#x43D;&#x438;&#x44E; &#x42D;&#x412;&#x41C;$h&#x421;&#x435;&#x440;&#x438;&#x44F; 3$i&#x420;&#x443;&#x43A;&#x43E;&#x432;&#x43E;&#x434;&#x441;&#x442;&#x432;&#x430; &#x43F;&#x43E; &#x442;&#x440;&#x430;&#x43D;&#x441;&#x43B;&#x44F;&#x442;&#x43E;&#x440;&#x430;&#x43C;$f&#x41B;&#x435;&#x43D;&#x438;&#x43D;&#x433;&#x440;. &#x43E;&#x440;&#x434;&#x435;&#x43D;&#x430; &#x41B;&#x435;&#x43D;&#x438;&#x43D;&#x430; &#x438; &#x43E;&#x440;&#x434;&#x435;&#x43D;&#x430; &#x422;&#x440;&#x443;&#x434;&#x430; &#x41A;&#x440;&#x430;&#x441;&#x43D;&#x43E;&#x433;&#x43E; &#x417;&#x43D;&#x430;&#x43C;&#x435;&#x43D;&#x438; &#x433;&#x43E;&#x441;. &#x443;&#x43D;-&#x442; &#x438;&#x43C;. &#x410;.&#x410;.&#x416;&#x434;&#x430;&#x43D;&#x43E;&#x432;&#x430;. &#x412;&#x44B;&#x447;&#x438;&#x441;&#x43B;&#x438;&#x442;. &#x446;&#x435;&#x43D;&#x442;&#x440;$v&#x412;&#x44B;&#x43F;.5</subfield>
    <subfield code="9">3475976</subfield>
    <subfield code="c">&#x41B;.</subfield>
    <subfield code="d">1971-</subfield>
    <subfield code="f">&#x41B;&#x435;&#x43D;&#x438;&#x43D;&#x433;&#x440;. &#x43E;&#x440;&#x434;&#x435;&#x43D;&#x430; &#x41B;&#x435;&#x43D;&#x438;&#x43D;&#x430; &#x438; &#x43E;&#x440;&#x434;&#x435;&#x43D;&#x430; &#x422;&#x440;&#x443;&#x434;&#x430; &#x41A;&#x440;&#x430;&#x441;&#x43D;&#x43E;&#x433;&#x43E; &#x417;&#x43D;&#x430;&#x43C;&#x435;&#x43D;&#x438; &#x433;&#x43E;&#x441;. &#x443;&#x43D;-&#x442; &#x438;&#x43C;. &#x410;.&#x410;.&#x416;&#x434;&#x430;&#x43D;&#x43E;&#x432;&#x430;. &#x412;&#x44B;&#x447;&#x438;&#x441;&#x43B;&#x438;&#x442;. &#x446;&#x435;&#x43D;&#x442;&#x440;</subfield>
    <subfield code="h">&#x421;&#x435;&#x440;&#x438;&#x44F; 3</subfield>
    <subfield code="i">&#x420;&#x443;&#x43A;&#x43E;&#x432;&#x43E;&#x434;&#x441;&#x442;&#x432;&#x430; &#x43F;&#x43E; &#x442;&#x440;&#x430;&#x43D;&#x441;&#x43B;&#x44F;&#x442;&#x43E;&#x440;&#x430;&#x43C;</subfield>
    <subfield code="n">&#x418;&#x437;&#x434;-&#x432;&#x43E; &#x41B;&#x435;&#x43D;&#x438;&#x43D;&#x433;&#x440;. &#x443;&#x43D;-&#x442;&#x430;</subfield>
    <subfield code="t">&#x41C;&#x435;&#x442;&#x43E;&#x434;&#x438;&#x447;&#x435;&#x441;&#x43A;&#x438;&#x435; &#x43C;&#x430;&#x442;&#x435;&#x440;&#x438;&#x430;&#x43B;&#x44B; &#x43F;&#x43E; &#x43F;&#x440;&#x43E;&#x433;&#x440;&#x430;&#x43C;&#x43C;&#x43D;&#x43E;&#x43C;&#x443; &#x43E;&#x431;&#x435;&#x441;&#x43F;&#x435;&#x447;&#x435;&#x43D;&#x438;&#x44E; &#x42D;&#x412;&#x41C;</subfield>
    <subfield code="v">&#x412;&#x44B;&#x43F;.5</subfield>
  </datafield>
  <datafield tag="700" ind1=" " ind2="1">
    <subfield code="a">&#x411;&#x430;&#x43B;&#x443;&#x435;&#x432;</subfield>
    <subfield code="b">&#x410;.&#x41D;.</subfield>
    <subfield code="4">070</subfield>
  </datafield>
  <datafield tag="801" ind1=" " ind2="1">
    <subfield code="a">RU</subfield>
    <subfield code="b">InfoComm</subfield>
    <subfield code="c">20040423</subfield>
  </datafield>
  <datafield tag="801" ind1=" " ind2="0">
    <subfield code="a">RU</subfield>
    <subfield code="b">NLR</subfield>
    <subfield code="g">PSBO</subfield>
  </datafield>
  <datafield tag="852" ind1=" " ind2=" ">
    <subfield code="a">NLR</subfield>
    <subfield code="j">&#x41F;10/4062</subfield>
  </datafield>
  <datafield tag="942" ind1=" " ind2=" ">
    <subfield code="c">ISSUE</subfield>
  </datafield>
  <datafield tag="980" ind1=" " ind2=" ">
    <subfield code="a">NB</subfield>
  </datafield>
  <datafield tag="980" ind1=" " ind2=" ">
    <subfield code="a">RUSPER</subfield>
  </datafield>
</record>
